000 00862nam a2200265 a 4500
001 71859
003 BD-RjUL
005 20211209082154.0
008 170508s19421941enka 000 0 eng
035 _a(BD-RjUL)72075
040 _aDLC/ICU
_cCGU
_dUKM
_dMYG
_dBD-RjUL
_beng
041 _aeng
082 0 _a537
_223
_bSTE 1942
090 _aQC518.S77x 1953
100 1 _aStarling, Sydney G.
_q(Sydney George),
_d1873-1955.
_9212553
245 1 0 _aElectricity and magnetism for degree students /
_cSydney G Starling
250 _a7th ed.
260 _aLondon :
_bLongmans,
_c1941[impression 1942]
300 _a630 p. :
_bill. ;
_c23 cm.
500 _aFirst ed. published in 1912 under title: Electricity and magnetism for advanced students.
650 0 _aElectricity.
_9212554
650 0 _aMagnetism.
_9212555
942 _2ddc
_cBK
999 _c71859
_d71859